<?xml version="1.0" encoding="UTF-8"?>
<record
    xmlns:xsi="http://www.w3.org/2001/XMLSchema-instance"
    xsi:schemaLocation="http://www.loc.gov/MARC21/slim http://www.loc.gov/standards/marcxml/schema/MARC21slim.xsd"
    xmlns="http://www.loc.gov/MARC21/slim">

  <leader>01076nam a2200253 a 4500</leader>
  <controlfield tag="001">1007</controlfield>
  <controlfield tag="003">BR-CuiBMT</controlfield>
  <controlfield tag="005">20231205183331.0</controlfield>
  <controlfield tag="008">231125s2015    baba          000 0 por d</controlfield>
  <datafield tag="020" ind1=" " ind2=" ">
    <subfield code="a">9788544202494</subfield>
  </datafield>
  <datafield tag="040" ind1=" " ind2=" ">
    <subfield code="a">BR-CuiBMT</subfield>
    <subfield code="c">BR-CuiBMT</subfield>
  </datafield>
  <datafield tag="080" ind1=" " ind2=" ">
    <subfield code="2">2007</subfield>
    <subfield code="a">342.4</subfield>
  </datafield>
  <datafield tag="090" ind1=" " ind2=" ">
    <subfield code="a">342.4</subfield>
    <subfield code="b">C972c</subfield>
    <subfield code="c">6. ed.</subfield>
  </datafield>
  <datafield tag="100" ind1="1" ind2=" ">
    <subfield code="a">Cunha J&#xFA;nior, Dirley da </subfield>
  </datafield>
  <datafield tag="245" ind1="1" ind2="0">
    <subfield code="a">Constitui&#xE7;&#xE3;o federal para concursos /</subfield>
    <subfield code="c">Dirley da Cunha J&#xFA;nior ; Marcelo Novelino ; Colaborador: Renato Medrado Bonelli.</subfield>
  </datafield>
  <datafield tag="250" ind1=" " ind2=" ">
    <subfield code="a">6. ed., rev., ampl. e atual.</subfield>
  </datafield>
  <datafield tag="260" ind1=" " ind2=" ">
    <subfield code="a">Salvador :</subfield>
    <subfield code="b">JusPodivm,</subfield>
    <subfield code="c">2015.</subfield>
  </datafield>
  <datafield tag="300" ind1=" " ind2=" ">
    <subfield code="a">1044 p. :</subfield>
    <subfield code="b">il. color. ;</subfield>
    <subfield code="c">25 cm</subfield>
  </datafield>
  <datafield tag="500" ind1=" " ind2=" ">
    <subfield code="a">Atualizada at&#xE9; Emenda Constitucional n&#xBA; 84/2014. S&#xFA;mula n&#xBA; 515 do STJ. S&#xFA;mula vinculante n&#xBA; 37 do STF. Informativo n&#xB0;551 do STJ. Informativo n&#xBA; 769 do STF. Inclui as leis n&#xBA;s 9.868/99, 9.882/99 e 12.562/2011, que regulamentam as a&#xE7;&#xF5;es de controle concentrado de constitucionalidade.</subfield>
  </datafield>
  <datafield tag="504" ind1=" " ind2=" ">
    <subfield code="a">Inclui bibliografia.</subfield>
  </datafield>
  <datafield tag="650" ind1=" " ind2=" ">
    <subfield code="a">Constitui&#xE7;&#xE3;o federal</subfield>
  </datafield>
  <datafield tag="700" ind1="1" ind2=" ">
    <subfield code="a">Novelino, Marcelo</subfield>
    <subfield code="d">1972-</subfield>
  </datafield>
  <datafield tag="942" ind1=" " ind2=" ">
    <subfield code="2">udc</subfield>
    <subfield code="c">LV</subfield>
  </datafield>
  <datafield tag="952" ind1=" " ind2=" ">
    <subfield code="0">0</subfield>
    <subfield code="1">0</subfield>
    <subfield code="2">udc</subfield>
    <subfield code="4">0</subfield>
    <subfield code="7">0</subfield>
    <subfield code="a">BIBTCEMT</subfield>
    <subfield code="b">BIBTCEMT</subfield>
    <subfield code="d">2023-11-25</subfield>
    <subfield code="l">0</subfield>
    <subfield code="o">342.4 C972c 6. ed.</subfield>
    <subfield code="p">BIBTCEMT23111091</subfield>
    <subfield code="r">2023-11-25</subfield>
    <subfield code="t">Ex. 1</subfield>
    <subfield code="w">2023-11-25</subfield>
    <subfield code="y">LV</subfield>
  </datafield>
  <datafield tag="999" ind1=" " ind2=" ">
    <subfield code="c">1007</subfield>
    <subfield code="d">1007</subfield>
  </datafield>
</record>
